La indiciación de los salarios en los países industrializados de economía de mercado / (Record no. 81906)

MARC details
000 -LEADER
campo de control de longitud fija 00761nam a2200217 i 4500
001 - NÚMERO DE CONTROL
campo de control 81906
003 - IDENTIFICADOR DE NÚMERO DE CONTROL
campo de control ES-MaACL
007 - CAMPO FIJO DE DESCRIPCIÓN FÍSICA--INFORMACIÓN GENERAL
campo de control de longitud fija t|
008 - DATOS DE LONGITUD FIJA--INFORMACIÓN GENERAL
campo de control de longitud fija 041108s1981 sp ||||1| spa d
245 03 - MENCIÓN DEL TÍTULO
Título La indiciación de los salarios en los países industrializados de economía de mercado /
Mención de responsabilidad, etc. OIT, M.D. Grandal, J.L. Malo, A. Serrano ; [traducción, Miguel Morán].
250 ## - MENCION DE EDICION
Mención de edición [1ª ed.].
260 ## - PUBLICACIÓN, DISTRIBUCIÓN, ETC.
Lugar de publicación, distribución, etc. [Madrid] :
Nombre del editor, distribuidor, etc. H. Blume,
Fecha de publicación, distribución, etc. [1981]
300 ## - DESCRIPCIÓN FÍSICA
Extensión 207 p. ;
Dimensiones 21 cm.
700 1# - ENTRADA AGREGADA--NOMBRE PERSONAL
Nombre de persona Grandal, M. D.
9 (RLIN) 209488
700 1# - ENTRADA AGREGADA--NOMBRE PERSONAL
Nombre de persona Malo, J. L.
9 (RLIN) 209490
700 1# - ENTRADA AGREGADA--NOMBRE PERSONAL
Nombre de persona Serrano, A.
9 (RLIN) 105683
700 1# - ENTRADA AGREGADA--NOMBRE PERSONAL
Nombre de persona Morán Turina, José Miguel
9 (RLIN) 83126
710 2# - ENTRADA AGREGADA--NOMBRE DE ENTIDAD CORPORATIVA
Nombre de entidad corporativa o nombre de jurisdicción como elemento de entrada Organización Internacional del Trabajo
9 (RLIN) 6067
852 ## - LOCALIZACIÓN
Ubicación ES-MaACL
Número de control de estantería L-3681
Sublocalización o colección R.104687
Holdings
Estatus retirado Estado de pérdida Estado de daño No para préstamo Biblioteca de origen Biblioteca actual Ubicación en estantería Fecha de adquisición Fuente de adquisición Total de préstamos Signatura topográfica completa Código de barras Visto por última vez Precio de reemplazo Tipo de ítem Koha
        Biblioteca del Ateneo de Madrid Biblioteca del Ateneo de Madrid Depósito 2 17/01/2008     L-3681 1085610 23/02/2023 23/02/2023 Libro impreso